Využitie techník dolovania procesov v zdravotníctve
Enregistré dans:
| Auteur principal: | |
|---|---|
| Autres auteurs: | |
| Format: | Manuscrit Livre |
| Langue: | slovaque |
| Publié: |
2024
|
| Sujets: | |
| Accès en ligne: | http://is.stuba.sk/zp/portal_zp.pl?podrobnosti=177117 |
| Tags: |
Pas de tags, Soyez le premier à ajouter un tag!
|
MARC
| LEADER | 00000ntm a22000003a 4500 | ||
|---|---|---|---|
| 001 | stuzp100139 | ||
| 003 | SK-STU | ||
| 005 | 20240608213443.1 | ||
| 007 | ta | ||
| 008 | 150427s2015----xo-----f-mn---000-0-slo-d | ||
| 040 | |a STU |b slo | ||
| 041 | 0 | |a slo | |
| 100 | 1 | |a Mačugová, Natália |u 070200 |4 aut |U FIIT Fakulta informatiky a informačných technológií |T FIIT Ústav informatiky, informačných systémov a softvérového inžinierstva |X 103035 |U I200 |Y 179 |7 103035 | |
| 242 | 0 | 1 | |a Applicability of Process Mining Techniques in Healthcare |y eng |
| 245 | 1 | 0 | |a Využitie techník dolovania procesov v zdravotníctve |
| 260 | |c 2024 | ||
| 650 | 4 | |a BPMN |2 slo | |
| 650 | 4 | |a neurochirurgia |2 slo | |
| 650 | 4 | |a medicína |2 slo | |
| 650 | 4 | |a dolovanie procesov |2 slo | |
| 650 | 4 | |a BPMN |2 eng | |
| 650 | 4 | |a process mining |2 eng | |
| 650 | 4 | |a medicine |2 eng | |
| 650 | 4 | |a neurosurgery |2 eng | |
| 700 | 1 | |a Lehocki, Fedor |u 070200 |k Z1 |4 ths |U FIIT Fakulta informatiky a informačných technológií |T FIIT Ústav informatiky, informačných systémov a softvérového inžinierstva |X 1888 |U I200 |Y 179 |7 000001888 | |
| 856 | 4 | |u http://is.stuba.sk/zp/portal_zp.pl?podrobnosti=177117 | |